[Event "Play for Durgesh Fundraiser Blitz"]
[Site "Vishy Anand Arena"]
[Date "2020.09.19"]
[Round "3"]
[White "Shriya R"]
[Black "Enthusiast"]
[Result "1-0"]
[WhiteElo "1835"]
[BlackElo "1612"]
[Annotator "NA"]
[PlyCount "73"]
[EventDate "2020.09.19"]
[EventType "swiss (blitz)"]

1. e4 e5 2. Nf3 Nc6 3. Bb5 Nf6 4. O-O d6 5. Re1 Bd7 6. c3 Be7 7. d4 exd4 8. cxd4 O-O 9. Nc3 a6 10. Ba4 b5 11. Bb3 Bg4 12. Be3 b4 13. Nd5 Nxe4 14. Qc2 Nf6 15. Qxc6 Bxf3 16. gxf3 Nxd5 17. Qxd5 Qd7 18. Qh5 g6 19. Qg4 Qc6 20. Rac1 Qb7 21. Qd7 Bf6 22. Kg2 Rac8 23. Ba4 Rfd8 24. Qc6 Qxc6 25. Rxc6 Kg7 26. Rec1 d5 27. Rxc7 Rxc7 28. Rxc7 Rd6 29. Bb3 a5 30. Rc5 Ra6 31. Ba4 Rd6 32. Rxa5 h6 33. Bb3 Rc6 34. Rxd5 Ra6 35. Rd7 Rb6 36. Rxf7+ Kh8 37. d5 1-0

[Event "Play for Durgesh Fundraiser Blitz"]
[Site "Vishy Anand Arena"]
[Date "2020.09.19"]
[Round "3"]
[White "RRaman"]
[Black "Samudragupta"]
[Result "0-1"]
[WhiteElo "1816"]
[BlackElo "2373"]
[PlyCount "68"]
[EventDate "2020.09.19"]
[EventType "swiss (blitz)"]

1. d4 Nc6 2. e3 e5 3. d5 Nce7 4. e4 Ng6 5. g3 Nf6 6. Bg2 Bc5 7. h3 d6 8. Nd2 O-O 9. a4 a6 10. Nb3 Ba7 11. c4 Ne8 12. h4 f5 13. Nh3 fxe4 14. h5 Bxh3 15. Bxh3 Bxf2+ 16. Kd2 Ne7 17. Be6+ Kh8 18. Kc2 Nf5 19. h6 g6 20. Qg4 Nf6 21. Qe2 e3 22. Bxf5 gxf5 23. Bxe3 Bxg3 24. Rag1 f4 25. Rxg3 fxg3 26. Bg5 Qe8 27. Rf1 Qg6+ 28. Qd3 Qxg5 29. Nd2 Qg6 30. Qxg6 hxg6 31. Rg1 Nh5 32. Rh1 Rf2 33. Kd3 g2 34. Rg1 Raf8 0-1

[Event "Play for Durgesh Fundraiser Blitz"]
[Site "Vishy Anand Arena"]
[Date "2020.09.19"]
[Round "3"]
[White "Henrik"]
[Black "Architsaigal"]
[Result "0-1"]
[WhiteElo "1809"]
[BlackElo "1639"]
[Annotator "NA"]
[PlyCount "62"]
[EventDate "2020.09.19"]
[EventType "swiss (blitz)"]
[WhiteTeam "SK Gründau"]

1. e4 c6 2. d4 d5 3. e5 c5 4. c3 Nc6 5. f4 e6 6. Ne2 Nge7 7. Nd2 Nf5 8. Nf3 Be7 9. dxc5 O-O 10. Ned4 Nh4 11. Be3 Nxf3+ 12. Nxf3 Qa5 13. b4 Qc7 14. Bd3 f6 15. O-O fxe5 16. fxe5 Nxe5 17. Nxe5 Qxe5 18. Bd4 Qg5 19. Qe2 Bf6 20. Be3 Qe5 21. Rf3 Qxc3 22. Raf1 e5 23. Bd2 Qd4+ 24. Kh1 e4 25. Rxf6 Rxf6 26. Rxf6 Qxf6 27. Bc2 Bf5 28. h3 Rd8 29. Bb3 Qe5 30. Qe3 Kh8 31. Qg5 d4 0-1

[Event "Play for Durgesh Fundraiser Blitz"]
[Site "Vishy Anand Arena"]
[Date "2020.09.19"]
[Round "3"]
[White "Haldankardhruv"]
[Black "ArkaCHESS"]
[Result "0-1"]
[WhiteElo "1793"]
[BlackElo "1464"]
[Annotator "NA"]
[PlyCount "72"]
[EventDate "2020.09.19"]
[EventType "swiss (blitz)"]

1. e4 c5 2. Nf3 d6 3. d4 cxd4 4. Nxd4 Nf6 5. Nc3 a6 6. Be3 e5 7. Nb3 Be7 8. f3 Be6 9. Qd2 O-O 10. O-O-O Nbd7 11. g4 b5 12. h4 b4 13. Ne2 a5 14. Kb1 a4 15. Nbc1 Rb8 16. h5 a3 17. b3 Nc5 18. g5 Ne8 19. g6 f6 20. h6 hxg6 21. hxg7 Nxg7 22. Bh6 Rf7 23. Bxg7 Rxg7 24. Qh6 Kf7 25. f4 Qg8 26. fxe5 dxe5 27. Bh3 Bxh3 28. Qxh3 Nxe4 29. Qd3 Nf2 30. Qc4+ Kf8 31. Qc7 Re8 32. Ng3 Nxd1 33. Rxd1 Qe6 34. Rd7 e4 35. Nce2 Qe5 36. Qc6 Qb2# 0-1

[Event "Play for Durgesh Fundraiser Blitz"]
[Site "Vishy Anand Arena"]
[Date "2020.09.19"]
[Round "3"]
[White "PRANAVAJ"]
[Black "Prajwalpshenoy"]
[Result "1-0"]
[WhiteElo "1792"]
[BlackElo "1476"]
[Annotator "NA"]
[PlyCount "81"]
[EventDate "2020.09.19"]
[EventType "swiss (blitz)"]

1. e4 e6 2. d4 d5 3. exd5 exd5 4. Bd3 Bd6 5. Ne2 Ne7 6. O-O O-O 7. c3 c6 8. Bg5 f6 9. Bh4 Be6 10. Nd2 Bf7 11. Bg3 Bg6 12. Bxg6 Nxg6 13. Bxd6 Qxd6 14. Ng3 f5 15. Nf3 Nd7 16. Re1 Qf6 17. Nh5 Qf7 18. Ng3 Rae8 19. Qc2 f4 20. Nf1 Nf6 21. N1d2 Nd7 22. Nb3 Qf6 23. Nc1 Rxe1+ 24. Nxe1 Nh4 25. Ncd3 Qg5 26. g3 fxg3 27. fxg3 Qe3+ 28. Nf2 Nf3+ 29. Nxf3 Rxf3 30. Rf1 Nf6 31. Kg2 Ne4 32. Nxe4 Rxf1 33. Kxf1 dxe4 34. Qe2 Qc1+ 35. Kg2 e3 36. a3 Qd2 37. Kf3 Qc1 38. Qxe3 Qh1+ 39. Ke2 Qxh2+ 40. Kd3 Qh6 41. Qe8# 1-0

[Event "Play for Durgesh Fundraiser Blitz"]
[Site "Vishy Anand Arena"]
[Date "2020.09.19"]
[Round "3"]
[White "Varunrambharose"]
[Black "Anant123"]
[Result "1-0"]
[WhiteElo "1791"]
[BlackElo "1447"]
[Annotator "NA"]
[PlyCount "133"]
[EventDate "2020.09.19"]
[EventType "swiss (blitz)"]

1. e4 Nc6 2. Nf3 e5 3. d4 exd4 4. Bc4 d6 5. Nxd4 Ne5 6. Bb3 Nf6 7. Nc3 Be7 8. O-O O-O 9. h3 a6 10. Nf3 Be6 11. Bxe6 fxe6 12. Nxe5 dxe5 13. Qxd8 Raxd8 14. Bg5 h6 15. Bxf6 Rxf6 16. Rad1 Rxd1 17. Rxd1 Bc5 18. Rd2 Bd4 19. Nd1 Bb6 20. Kf1 g5 21. f3 Kf8 22. Ke2 Ke7 23. c3 Rf8 24. Ne3 Bxe3 25. Kxe3 c5 26. Kf2 Rd8 27. Rxd8 Kxd8 28. Kg3 Ke7 29. Kg4 Kf6 30. Kh5 Kg7 31. a4 b5 32. axb5 axb5 33. h4 gxh4 34. Kxh4 Kg6 35. Kg4 c4 36. Kh4 Kg7 37. Kh5 Kh7 38. g4 Kg7 39. g5 hxg5 40. Kxg5 Kf7 41. Kh6 Kf6 42. Kh7 Kg5 43. Kg7 Kf4 44. Kf6 Kxf3 45. Kxe5 Ke3 46. Kxe6 Kxe4 47. Kd6 Kd3 48. Kc5 Kc2 49. Kxb5 Kxb2 50. Kxc4 Ka3 51. Kb5 Kb3 52. c4 Kc3 53. c5 Kd4 54. c6 Kd5 55. c7 Kd6 56. c8=Q Kd5 57. Qc5+ Ke4 58. Kc4 Kf3 59. Qd4 Kg2 60. Qd3 Kf2 61. Kd4 Kg2 62. Qe3 Kh2 63. Qf3 Kg1 64. Qe2 Kh1 65. Ke3 Kg1 66. Kf3 Kh1 67. Qg2# 1-0

[Event "Play for Durgesh Fundraiser Blitz"]
[Site "Vishy Anand Arena"]
[Date "2020.09.19"]
[Round "3"]
[White "AyushR"]
[Black "Gonda"]
[Result "1-0"]
[WhiteElo "1775"]
[BlackElo "1563"]
[Annotator "NA"]
[PlyCount "101"]
[EventDate "2020.09.19"]
[EventType "swiss (blitz)"]

1. e4 c5 2. Nf3 d6 3. d4 cxd4 4. Nxd4 Nf6 5. Nc3 a6 6. Bd3 e5 7. Nf5 Bxf5 8. exf5 Be7 9. Bg5 O-O 10. O-O Nbd7 11. Qd2 b5 12. Rad1 Rc8 13. a3 Nc5 14. Bxf6 Bxf6 15. Ne4 Nxe4 16. Bxe4 Be7 17. Bb7 Rc7 18. Bxa6 Qb8 19. Qd3 b4 20. axb4 Qxb4 21. b3 Qc5 22. Bc4 Rd8 23. Qd2 Bf6 24. Rc1 d5 25. Be2 e4 26. Rfd1 d4 27. Qf4 Rcd7 28. Qxe4 Qe5 29. Qxe5 Bxe5 30. Bc4 Bf4 31. Ra1 h6 32. g3 Bg5 33. Ra4 Bf6 34. Bd3 Rd5 35. b4 Rb8 36. b5 Rd6 37. Rb4 Rdb6 38. Rb3 Kf8 39. Ra1 Ke7 40. Ra6 R6b7 41. Rba3 Kd7 42. Ra7 Kc7 43. Rxb7+ Rxb7 44. Ra6 Rb6 45. Rxb6 Kxb6 46. Kf1 Kc5 47. Ke2 Be5 48. Kf3 f6 49. Kg4 Bd6 50. Kh5 Bf8 51. Kg6 1-0

[Event "Play for Durgesh Fundraiser Blitz"]
[Site "Vishy Anand Arena"]
[Date "2020.09.19"]
[Round "3"]
[White "tacticabd"]
[Black "Boobyfisher"]
[Result "0-1"]
[WhiteElo "1771"]
[BlackElo "2259"]
[PlyCount "88"]
[EventDate "2020.09.19"]
[EventType "swiss (blitz)"]

1. e3 Nf6 2. d4 b6 3. c4 Bb7 4. Nc3 e6 5. a3 c5 6. d5 exd5 7. cxd5 d6 8. Nge2 g6 9. g3 Bg7 10. Bg2 O-O 11. O-O Re8 12. b4 Ba6 13. Bb2 Nbd7 14. Qa4 Bxe2 15. Nxe2 a6 16. Rac1 b5 17. Qc2 Qb6 18. h3 c4 19. Bd4 Qb7 20. Rfd1 Ne5 21. Qc3 Ned7 22. f4 Nh5 23. g4 Bxd4 24. Nxd4 Nhf6 25. Nc6 Qb6 26. Rd4 Nb8 27. g5 Nh5 28. Kh2 Nd7 29. Rcd1 f6 30. Bf3 Ng7 31. Bg4 f5 32. Bf3 Nf8 33. h4 Rac8 34. Re1 Rc7 35. e4 fxe4 36. Rexe4 Rxe4 37. Bxe4 Rf7 38. Bg2 Nh5 39. Qe3 Qc7 40. Re4 Ng7 41. Ne7+ Kh8 42. Bh3 Qd8 43. Nc6 Qc7 44. Qd4 Kg8 0-1

[Event "Play for Durgesh Fundraiser Blitz"]
[Site "Vishy Anand Arena"]
[Date "2020.09.19"]
[Round "3"]
[White "Vaca100"]
[Black "Aniketmohapatra"]
[Result "0-1"]
[WhiteElo "1721"]
[BlackElo "1599"]
[Annotator "NA"]
[PlyCount "20"]
[EventDate "2020.09.19"]
[EventType "swiss (blitz)"]

1. e4 e5 2. Nf3 Nf6 3. Nxe5 Nc6 4. Nxc6 dxc6 5. Nc3 Bc5 6. Bc4 Ng4 7. O-O Qh4 8. h3 Nxf2 9. Bxf7+ Ke7 10. d4 Nxd1 0-1

[Event "Play for Durgesh Fundraiser Blitz"]
[Site "Vishy Anand Arena"]
[Date "2020.09.19"]
[Round "3"]
[White "Lightning McQueen"]
[Black "LAXMAN"]
[Result "0-1"]
[WhiteElo "1714"]
[BlackElo "2432"]
[PlyCount "66"]
[EventDate "2020.09.19"]
[EventType "swiss (blitz)"]

1. e4 e5 2. Nf3 Nc6 3. Nc3 Nf6 4. Bb5 Bb4 5. d3 d6 6. h3 h6 7. O-O O-O 8. Be3 Bxc3 9. bxc3 Qe7 10. Re1 Bd7 11. Bc4 Na5 12. Bb3 c5 13. Qd2 c4 14. dxc4 Nxe4 15. Qd5 Nxb3 16. cxb3 Bc6 17. Qd3 f5 18. Nd2 Nc5 19. Bxc5 dxc5 20. Nf3 e4 21. Qe3 Rad8 22. Nh2 f4 23. Qe2 Qg5 24. Qg4 Qe5 25. Rac1 Rf5 26. Nf3 Qf6 27. Nh4 Rg5 28. Qe2 f3 29. Qe3 Rxg2+ 30. Nxg2 Qg6 31. Qxf3 exf3 32. Re8+ Rxe8 33. h4 Qxg2# 0-1

[Event "Play for Durgesh Fundraiser Blitz"]
[Site "Vishy Anand Arena"]
[Date "2020.09.19"]
[Round "3"]
[White "Aagam aditya e"]
[Black "Sushruthareddy"]
[Result "1-0"]
[WhiteElo "1712"]
[BlackElo "1624"]
[Annotator "NA"]
[PlyCount "43"]
[EventDate "2020.09.19"]
[EventType "swiss (blitz)"]

1. e4 e5 2. Nf3 Nc6 3. Nc3 Nf6 4. d4 exd4 5. Nxd4 Bb4 6. Nxc6 bxc6 7. Bd3 d5 8. exd5 cxd5 9. O-O O-O 10. Bg5 Bxc3 11. bxc3 h6 12. Bh4 c6 13. h3 Qd6 14. Qf3 Re8 15. Rfe1 Bd7 16. Bg3 Qc5 17. Be5 Be6 18. Bxf6 gxf6 19. Qxf6 Rab8 20. Re3 Rb2 21. Rg3+ Kf8 22. Bh7 1-0

[Event "Play for Durgesh Fundraiser Blitz"]
[Site "Vishy Anand Arena"]
[Date "2020.09.19"]
[Round "3"]
[White "Shivakrishna1990"]
[Black "Uddipanroy"]
[Result "0-1"]
[WhiteElo "1694"]
[BlackElo "1686"]
[Annotator "NA"]
[PlyCount "114"]
[EventDate "2020.09.19"]
[EventType "swiss (blitz)"]

1. e4 c5 2. Nf3 d6 3. c3 Nf6 4. Be2 g6 5. O-O Bg7 6. d3 O-O 7. Nbd2 a6 8. Nc4 b5 9. Ncd2 Bb7 10. Re1 e5 11. b3 Nbd7 12. Nf1 Ne8 13. Ne3 h6 14. Nd2 f5 15. f3 f4 16. Ng4 h5 17. Nf2 g5 18. c4 b4 19. a3 a5 20. axb4 axb4 21. Bb2 Nef6 22. h3 Qe7 23. Bf1 Bc6 24. Kh2 Rfb8 25. Be2 Nf8 26. Rg1 Ne6 27. g3 fxg3+ 28. Kxg3 Nf4 29. Bc1 h4+ 30. Kh2 N6h5 31. Nf1 Ng3 32. Nxg3 hxg3+ 33. Kxg3 Bf6 34. Bxf4 exf4+ 35. Kh2 Rxa1 36. Qc2 Rxg1 37. Kxg1 Bd4 38. Bf1 Ra8 39. Kg2 Ra1 40. Ng4 Bd7 41. Be2 Bxg4 42. fxg4 Qh7 43. Bf3 Rg1+ 44. Kh2 Rf1 45. Kg2 Rf2+ 46. Qxf2 Bxf2 47. Kxf2 Qxh3 48. Ke2 Qh2+ 49. Kf1 Kg7 50. Be2 Kf6 51. Ke1 Ke5 52. Kf1 Kd4 53. Ke1 Ke3 54. Kd1 Qxe2+ 55. Kc1 Kxd3 56. e5 Kc3 57. exd6 Qc2# 0-1

[Event "Play for Durgesh Fundraiser Blitz"]
[Site "Vishy Anand Arena"]
[Date "2020.09.19"]
[Round "3"]
[White "A1263a"]
[Black "Dicedeepak"]
[Result "1-0"]
[WhiteElo "1691"]
[BlackElo "1646"]
[Annotator "NA"]
[PlyCount "107"]
[EventDate "2020.09.19"]
[EventType "swiss (blitz)"]

1. Nf3 d5 2. g3 Nc6 3. d4 g6 4. Bg2 Bg7 5. O-O Nf6 6. c3 O-O 7. Nbd2 e6 8. Re1 Bd7 9. e4 dxe4 10. Nxe4 Nxe4 11. Rxe4 Ne7 12. Re1 Bc6 13. Bf4 a6 14. Ne5 Bxg2 15. Kxg2 Nc6 16. Nxc6 bxc6 17. Qf3 Qd7 18. Kg1 Rab8 19. b3 Ra8 20. Rad1 Rac8 21. Qd3 Rfd8 22. Rd2 h6 23. Qxa6 g5 24. Be5 f6 25. Bxf6 Bxf6 26. Qc4 Re8 27. a4 Re7 28. a5 Kf7 29. a6 Ra8 30. Ra2 Qc8 31. Qxc6 Qb8 32. b4 Qc8 33. a7 Rd7 34. Qxe6+ Kg7 35. Qc6 Rd6 36. Qc5 Qb7 37. b5 Rb6 38. Qf5 Rxb5 39. Qd7+ Kg6 40. Rae2 Rxa7 41. Qe8+ Kf5 42. Qd7+ Kg6 43. Qe8+ Kf5 44. g4+ Kxg4 45. Qe6+ Kh5 46. Qf7+ Kg4 47. Re4+ Kf5 48. Qe6+ Kg6 49. Qe8+ Kf5 50. Qd7+ Kg6 51. Qe6 Kg7 52. Qe7+ Kg6 53. Qe8+ Kf5 54. Qd7+ 1-0

[Event "Play for Durgesh Fundraiser Blitz"]
[Site "Vishy Anand Arena"]
[Date "2020.09.19"]
[Round "3"]
[White "Dev11"]
[Black "Arunava"]
[Result "0-1"]
[WhiteElo "1690"]
[BlackElo "1730"]
[Annotator "NA"]
[PlyCount "92"]
[EventDate "2020.09.19"]
[EventType "swiss (blitz)"]

1. e4 c5 2. c3 Nf6 3. e5 Nd5 4. Nf3 e6 5. d4 cxd4 6. cxd4 d6 7. exd6 Bxd6 8. Nc3 Nxc3 9. bxc3 O-O 10. Bd3 Nd7 11. O-O Nf6 12. Bg5 b6 13. Qe2 Bb7 14. Ne5 Be7 15. h4 Rc8 16. h5 h6 17. Bd2 Qd5 18. f3 Qd8 19. g4 Nd5 20. Qe4 f5 21. Qe2 Bg5 22. f4 Nxf4 23. Bxf4 Bxf4 24. Rxf4 Qh4 25. Qh2 Qxh2+ 26. Kxh2 Rxc3 27. Bc4 Rc2+ 28. Kg1 fxg4 29. Bxe6+ Kh7 30. Rxf8 Rg2+ 31. Kf1 Rh2 32. Bf5+ g6 33. Bxg6+ Kg7 34. Rf7+ Kg8 35. Rxb7 Rh1+ 36. Kg2 Rxa1 37. Rb8+ Kg7 38. d5 Kf6 39. Nd7+ Kg5 40. d6 Rxa2+ 41. Kf1 Ra3 42. Ne5 g3 43. Nf7+ Kf4 44. d7 Ra1+ 45. Kg2 Ra2+ 46. Kh3 Rh2# 0-1

[Event "Play for Durgesh Fundraiser Blitz"]
[Site "Vishy Anand Arena"]
[Date "2020.09.19"]
[Round "3"]
[White "Rosh161011"]
[Black "Snehil29"]
[Result "0-1"]
[WhiteElo "1689"]
[BlackElo "2002"]
[Annotator "NA"]
[PlyCount "66"]
[EventDate "2020.09.19"]
[EventType "swiss (blitz)"]

1. e4 e5 2. Nf3 Nc6 3. Bb5 a6 4. Ba4 Nf6 5. O-O Bc5 6. c3 Ba7 7. d4 b5 8. Bb3 d6 9. Bg5 O-O 10. dxe5 Nxe5 11. Nxe5 dxe5 12. Qxd8 Rxd8 13. Bxf6 gxf6 14. Bd5 Rb8 15. Kh1 f5 16. f3 Kg7 17. Na3 b4 18. Nc4 f6 19. Na5 Bd7 20. cxb4 Rxb4 21. b3 Rb5 22. Nc6 Bxc6 23. Bxc6 Rc5 24. Bd5 Rc2 25. Rfd1 Bd4 26. Rac1 Rxc1 27. Rxc1 c5 28. h4 Kh6 29. Be6 fxe4 30. fxe4 Kh5 31. Bd5 Kxh4 32. Kh2 Rd7 33. g3+ Kg5 0-1

[Event "Play for Durgesh Fundraiser Blitz"]
[Site "Vishy Anand Arena"]
[Date "2020.09.19"]
[Round "3"]
[White "Aneesh009"]
[Black "Aanjaneya"]
[Result "0-1"]
[WhiteElo "1676"]
[BlackElo "1886"]
[Annotator "NA"]
[PlyCount "72"]
[EventDate "2020.09.19"]
[EventType "swiss (blitz)"]

1. e4 c5 2. d4 cxd4 3. c3 dxc3 4. Nxc3 Nc6 5. Nf3 d6 6. Bc4 a6 7. Be3 Nf6 8. Rc1 b5 9. Bb3 Bb7 10. O-O e6 11. Re1 Be7 12. Nd4 Nxd4 13. Bxd4 O-O 14. e5 dxe5 15. Bxe5 Qxd1 16. Rcxd1 Rfd8 17. Ne4 Nxe4 18. Rxd8+ Rxd8 19. Bc7 Rd7 20. Ba5 Nc5 21. Bb4 Nxb3 22. Bxe7 Rxe7 23. axb3 Bd5 24. Rc1 g6 25. Rc8+ Kg7 26. Rd8 Bxb3 27. Rd6 Rc7 28. f3 a5 29. Kf2 a4 30. Ke3 b4 31. Rd4 Rb7 32. Kd3 a3 33. bxa3 bxa3 34. Kc3 a2 35. Kb2 Bd5+ 36. Ka1 Rb1# 0-1

[Event "Play for Durgesh Fundraiser Blitz"]
[Site "Vishy Anand Arena"]
[Date "2020.09.19"]
[Round "3"]
[White "chessking2003 qw"]
[Black "Chessjoker11"]
[Result "1-0"]
[WhiteElo "1672"]
[BlackElo "1467"]
[Annotator "NA"]
[PlyCount "69"]
[EventDate "2020.09.19"]
[EventType "swiss (blitz)"]

1. e4 e5 2. Nf3 Nc6 3. Bb5 Nf6 4. Qe2 d6 5. h3 Bd7 6. c3 Be7 7. O-O O-O 8. Rd1 a6 9. Ba4 b5 10. Bc2 Re8 11. d4 exd4 12. cxd4 Bf8 13. a3 Rb8 14. Nc3 h6 15. Bf4 Na5 16. Qd3 g6 17. e5 dxe5 18. dxe5 Bf5 19. Qxd8 Rbxd8 20. Bxf5 Nh5 21. Bd7 Re7 22. Bxh6 Bxh6 23. Bg4 Rxd1+ 24. Rxd1 Nc4 25. Bxh5 gxh5 26. Rd8+ Kg7 27. Ra8 Re6 28. Nd4 Rxe5 29. Rxa6 Re1+ 30. Kh2 Nxb2 31. Nf5+ Kh7 32. Rxh6+ Kg8 33. Nd5 Re5 34. Nde7+ Kf8 35. Rh8# 1-0

[Event "Play for Durgesh Fundraiser Blitz"]
[Site "Vishy Anand Arena"]
[Date "2020.09.19"]
[Round "3"]
[White "Nisanth2107"]
[Black "Advait30"]
[Result "0-1"]
[WhiteElo "1663"]
[BlackElo "1917"]
[Annotator "NA"]
[PlyCount "68"]
[EventDate "2020.09.19"]
[EventType "swiss (blitz)"]

1. e4 c5 2. Nf3 g6 3. c3 Bg7 4. d4 cxd4 5. cxd4 d5 6. Nc3 dxe4 7. Nxe4 Nf6 8. Nxf6+ exf6 9. Bc4 O-O 10. O-O Nc6 11. Be3 Bg4 12. h3 Bxf3 13. Qxf3 Nxd4 14. Bxd4 Qxd4 15. Bb3 Qb6 16. Rfe1 Rfe8 17. Rac1 f5 18. Bc4 Bxb2 19. Rb1 Rxe1+ 20. Rxe1 Bf6 21. Bd5 Rd8 22. Bxb7 Rd2 23. Bd5 Rxf2 24. Qxf2 Bd4 25. Rf1 Bxf2+ 26. Rxf2 Kg7 27. Kf1 Qb1+ 28. Ke2 Qc2+ 29. Kf3 Qd3+ 30. Kf4 Qxd5 31. Kg5 Qe4 32. Rf4 h6+ 33. Kh4 Qxf4+ 34. g4 Qf2# 0-1

[Event "Play for Durgesh Fundraiser Blitz"]
[Site "Vishy Anand Arena"]
[Date "2020.09.19"]
[Round "3"]
[White "Ritwik chess"]
[Black "Leolek"]
[Result "0-1"]
[WhiteElo "1663"]
[BlackElo "2200"]
[PlyCount "72"]
[EventDate "2020.09.19"]
[EventType "swiss (blitz)"]

1. c4 c5 2. g3 Nf6 3. Bg2 d5 4. cxd5 Nxd5 5. Nc3 Nc7 6. d3 Nc6 7. Nf3 e5 8. O-O Be7 9. b3 O-O 10. Bb2 Be6 11. Rc1 Qd7 12. Ne4 b6 13. Nxe5 Nxe5 14. Bxe5 Rac8 15. Bb2 Rfd8 16. Qc2 Nd5 17. Nd2 h6 18. e4 Nb4 19. Qc3 Bf6 20. e5 Be7 21. Rcd1 Nxa2 22. Qc2 Qxd3 23. Qxd3 Rxd3 24. Nc4 Rcd8 25. Ra1 Rxb3 26. Rxa2 Bxc4 27. Rc1 Be6 28. Rxa7 Bg5 29. f4 Rxb2 30. fxg5 hxg5 31. Rb7 g4 32. Be4 g6 33. Bc6 c4 34. Re7 Kf8 35. Rb7 c3 36. Rxc3 Rd1# 0-1

[Event "Play for Durgesh Fundraiser Blitz"]
[Site "Vishy Anand Arena"]
[Date "2020.09.19"]
[Round "3"]
[White "Srivishva"]
[Black "Carlashis"]
[Result "0-1"]
[WhiteElo "1663"]
[BlackElo "1969"]
[Annotator "NA"]
[PlyCount "100"]
[EventDate "2020.09.19"]
[EventType "swiss (blitz)"]

1. e4 c5 2. d3 Nc6 3. f4 g6 4. Nf3 d6 5. g3 Bg7 6. Bg2 Nf6 7. Nc3 a6 8. O-O O-O 9. Be3 Bg4 10. Rb1 Qc8 11. h3 Bxh3 12. Qe2 Bxg2 13. Qxg2 b5 14. a4 b4 15. Nd5 Ng4 16. b3 Nxe3 17. Nxe3 e6 18. Nc4 Qc7 19. Rfe1 Nd4 20. Nxd4 Bxd4+ 21. Kf1 d5 22. exd5 exd5 23. Qxd5 Bc3 24. Re2 Rfe8 25. Ne5 Rad8 26. Qc6 Bxe5 27. Qxc7 Bxc7 28. Rbe1 Rxe2 29. Rxe2 Kf8 30. Kg2 Bd6 31. Kf3 f5 32. Re6 Kf7 33. Re2 h5 34. Re3 Re8 35. Rxe8 Kxe8 36. Ke3 g5 37. fxg5 Bxg3 38. Kf3 f4 39. Kg2 Kf7 40. Kf3 Kg6 41. d4 cxd4 42. Ke4 h4 43. Kf3 Kxg5 44. Kg2 Kg4 45. a5 h3+ 46. Kg1 Kf3 47. Kh1 Ke2 48. Kg1 f3 49. Kh1 f2 50. c3 f1=Q# 0-1

[Event "Play for Durgesh Fundraiser Blitz"]
[Site "Vishy Anand Arena"]
[Date "2020.09.19"]
[Round "3"]
[White "Adit pushan"]
[Black "Samriddhaa"]
[Result "0-1"]
[WhiteElo "1658"]
[BlackElo "2001"]
[Annotator "NA"]
[PlyCount "32"]
[EventDate "2020.09.19"]
[EventType "swiss (blitz)"]

1. e4 e6 2. d4 d5 3. Nc3 Nf6 4. exd5 exd5 5. Nf3 Nc6 6. Bb5 Bd6 7. O-O O-O 8. h3 a6 9. Bxc6 bxc6 10. Ne5 c5 11. Nf3 c6 12. Na4 cxd4 13. Qxd4 Qc7 14. Qh4 Re8 15. Be3 Re4 16. Qg5 h6 0-1

[Event "Play for Durgesh Fundraiser Blitz"]
[Site "Vishy Anand Arena"]
[Date "2020.09.19"]
[Round "3"]
[White "Srikant Nayak"]
[Black "Abdulkalam25677853"]
[Result "0-1"]
[WhiteElo "1651"]
[BlackElo "1625"]
[Annotator "NA"]
[PlyCount "114"]
[EventDate "2020.09.19"]
[EventType "swiss (blitz)"]

1. e4 c5 2. Nf3 d6 3. d4 cxd4 4. Nxd4 Nf6 5. Nc3 a6 6. Be3 e5 7. Nf3 Be7 8. Be2 O-O 9. O-O Be6 10. Nd5 Bxd5 11. exd5 b5 12. b3 Nbd7 13. c4 bxc4 14. bxc4 Rc8 15. Rc1 Nc5 16. Bxc5 Rxc5 17. Qa4 Qc8 18. Bd3 e4 19. Be2 exf3 20. Bxf3 Nd7 21. Rfe1 Ne5 22. Be4 Re8 23. f4 Ng4 24. h3 Nf6 25. Bd3 Qc7 26. Kh2 h6 27. g4 Rb8 28. Re2 Nxd5 29. Rce1 Bf8 30. cxd5 Rxd5 31. Qe4 Rxd3 32. Qxd3 d5 33. Qxd5 Qxf4+ 34. Kg1 Rc8 35. Rf2 Qg3+ 36. Qg2 Qc3 37. Ref1 Rc7 38. h4 Qe5 39. g5 hxg5 40. hxg5 g6 41. Qg4 Bc5 42. Qe2 Qxe2 43. Kg2 Bxf2 44. Rxf2 Qg4+ 45. Kh2 Rc3 46. Rg2 Rh3+ 47. Kg1 Rg3 48. Rxg3 Qxg3+ 49. Kf1 Qxg5 50. Ke2 Qa5 51. Kd3 Qxa2 52. Ke4 g5 53. Kf5 Kg7 54. Kg4 Qg2+ 55. Kf5 Qf3+ 56. Kxg5 f5 57. Kh4 Qg4# 0-1

[Event "Play for Durgesh Fundraiser Blitz"]
[Site "Vishy Anand Arena"]
[Date "2020.09.19"]
[Round "3"]
[White "Poorvi_2005"]
[Black "Tigerchamp"]
[Result "1-0"]
[WhiteElo "1647"]
[BlackElo "1239"]
[Annotator "NA"]
[PlyCount "67"]
[EventDate "2020.09.19"]
[EventType "swiss (blitz)"]

1. c4 c5 2. Nc3 e6 3. g3 Nc6 4. Bg2 Nf6 5. e4 d6 6. d3 b6 7. Nge2 Bd7 8. O-O Rb8 9. Bg5 h6 10. Be3 g5 11. f4 gxf4 12. Nxf4 e5 13. Nfd5 Nxd5 14. Nxd5 Bg7 15. Qf3 Rf8 16. Qh5 Qg5 17. Bxg5 hxg5 18. Bh3 Bxh3 19. Qxh3 Nd4 20. Rf2 Rh8 21. Qg4 f6 22. Nxf6+ Bxf6 23. Rxf6 Rd8 24. Raf1 Rd7 25. Re6+ Re7 26. Rxd6 Rf7 27. Rxf7 Kxf7 28. Qd7+ Kg8 29. Rg6+ Kf8 30. Qd8+ Kf7 31. Qf6+ Ke8 32. Qxh8+ Kd7 33. Qh7+ Ke8 34. Rg8# 1-0

[Event "Play for Durgesh Fundraiser Blitz"]
[Site "Vishy Anand Arena"]
[Date "2020.09.19"]
[Round "3"]
[White "Ragavesh"]
[Black "Roedor87"]
[Result "1/2-1/2"]
[WhiteElo "1647"]
[BlackElo "2041"]
[Annotator "NA"]
[PlyCount "86"]
[EventDate "2020.09.19"]
[EventType "swiss (blitz)"]

1. e4 c5 2. Nf3 Nc6 3. d4 cxd4 4. Nxd4 Nf6 5. Nxc6 bxc6 6. Nc3 e5 7. Bd3 Be7 8. O-O O-O 9. h3 d5 10. f4 exf4 11. Kh1 dxe4 12. Nxe4 Nxe4 13. Bxe4 Qxd1 14. Rxd1 Be6 15. Bxf4 Rac8 16. c3 Rfe8 17. Bf3 h6 18. Bd6 Bf6 19. Bc5 Rc7 20. Re1 g5 21. Bg4 Kg7 22. Bxe6 fxe6 23. Re4 Rf7 24. Rae1 Rb8 25. R1e2 e5 26. Ra4 Rbb7 27. b4 h5 28. Ra6 Rfc7 29. Bd6 Rc8 30. Bxe5 Kg6 31. Bxf6 Kxf6 32. Kh2 Rd7 33. b5 Rd3 34. c4 g4 35. hxg4 hxg4 36. g3 Rh8+ 37. Kg2 Rh3 38. Rxc6+ Kf5 39. Rc5+ Kf6 40. Rf2+ Ke6 41. Re2+ Kf6 42. Rc6+ Kf5 43. Rc5+ Kf6 1/2-1/2

[Event "Play for Durgesh Fundraiser Blitz"]
[Site "Vishy Anand Arena"]
[Date "2020.09.19"]
[Round "3"]
[White "Chess_king123"]
[Black "AAKASH M H"]
[Result "0-1"]
[WhiteElo "1645"]
[BlackElo "1469"]
[Annotator "NA"]
[PlyCount "62"]
[EventDate "2020.09.19"]
[EventType "swiss (blitz)"]

1. e4 c5 2. Nf3 Nc6 3. d4 cxd4 4. Nxd4 e5 5. Nxc6 bxc6 6. Nc3 Bc5 7. Be3 Bxe3 8. fxe3 Qb6 9. Bc4 Qxe3+ 10. Qe2 Qxe2+ 11. Kxe2 Nf6 12. Rhf1 O-O 13. Rad1 Rb8 14. b3 Bb7 15. Na4 d5 16. exd5 cxd5 17. Bb5 a6 18. Bd3 e4 19. Nc5 exd3+ 20. Rxd3 Rfc8 21. b4 a5 22. a3 Ne4 23. Nd7 Rxc2+ 24. Ke3 Re8 25. Kd4 Rc4+ 26. Ke3 Ng3+ 27. Kd2 Nxf1+ 28. Kd1 Ne3+ 29. Kd2 Rc2+ 30. Ke1 Nxg2+ 31. Kf1 Re1# 0-1

[Event "Play for Durgesh Fundraiser Blitz"]
[Site "Vishy Anand Arena"]
[Date "2020.09.19"]
[Round "3"]
[White "Castle_64"]
[Black "Attacker_97"]
[Result "0-1"]
[WhiteElo "1643"]
[BlackElo "2003"]
[Annotator "NA"]
[PlyCount "120"]
[EventDate "2020.09.19"]
[EventType "swiss (blitz)"]

1. e4 c5 2. Nf3 d6 3. d4 cxd4 4. Nxd4 Nf6 5. Nc3 Nc6 6. Nxc6 bxc6 7. Be3 g6 8. Bd3 Bg7 9. O-O O-O 10. Bd4 c5 11. Be3 Rb8 12. e5 Ng4 13. exd6 Nxe3 14. dxe7 Nxd1 15. exd8=Q Rxd8 16. Raxd1 Rxb2 17. Na4 Rxa2 18. Nxc5 h6 19. Bc4 Rxd1 20. Rxd1 Ra1 21. Rxa1 Bxa1 22. Nb3 Be5 23. Na5 Bd7 24. Bd5 Bd4 25. c4 Kf8 26. Nb3 Bc3 27. c5 a5 28. c6 Bc8 29. Nc5 Ke8 30. Kf1 Bb4 31. Nd3 Ba6 32. Ke2 a4 33. Ke3 Bd6 34. Nb2 a3 35. Na4 Bb5 36. Nc3 Ba6 37. Kd2 f6 38. Kc2 Kd8 39. Kb3 Bxh2 40. g3 Bg1 41. Ne4 f5 42. Nc5 Bc8 43. Ne6+ Bxe6 44. Bxe6 Bxf2 45. g4 f4 46. Kxa3 Bc5+ 47. Kb3 f3 48. Bc4 Kc7 49. Bb5 f2 50. Kc2 h5 51. gxh5 gxh5 52. Kd2 h4 53. Bf1 Kxc6 54. Ke2 Kd5 55. Kf3 Ke5 56. Kg4 Be7 57. Kf3 Bc5 58. Kg4 Ke4 59. Kxh4 Kf3 60. Kh3 Be3 0-1